Language Quiz

Random Language or Numbers Quiz
Score 0/20 Timer 06:00
3 Plays Today
Rank Language % Correct
1English
99.9%
11French
99.4%
7Spanish
97.4%
2Chinese (Includes all dialects)
93.7%
19German
90.2%
3Italian
83.6%
12Russian
80.1%
14Arabic
69.9%
6Portuguese
69.9%
17Korean
61.4%
Rank Language % Correct
20Hindi
58.9%
10Polish
56.6%
16Greek
54.5%
18Vietnamese
46.3%
13Persian
34.5%
8Urdu
30.9%
5Tagalog
28.8%
4Punjabi
20.2%
9Tamil
18.3%
15Gujarati
7.3%
Remove Ads.
Support Sporcle.
Get the best of Sporcle when you Go Orange. This ad-free experience offers more features, more stats, and more fun while also helping to support Sporcle. Thank you for becoming a member.

You're not logged in!

Compare scores with friends on all Sporcle quizzes.
OR
Log In

Show Comments

Extras

Top Quizzes Today


Score Distribution

Your Account Isn't Verified!

In order to create a playlist on Sporcle, you need to verify the email address you used during registration. Go to your Sporcle Settings to finish the process.

Report this User

Report this user for behavior that violates our Community Guidelines.

Details: